000 00351cam a2200145ua 4500
041 _aeng
_h
082 _a928.21
_bBER/HE
100 _aBerry, Francis .
245 _aHerbert Read /
_cFrancis Berry.
_hTextual Documents
260 _aLondon :
_bLongman Green and Co ,
_c1961.
300 _a43 ; .
504 _a
942 _cBK
999 _c5775
_d5775